000 00814nas a2200241 4500
001 BR0604190
003 BR-BrBNA
005 20231205110405.0
007 ta
008 230509b bl.|||p| |||| 00| 00por d
040 _aBR-BrBNA
_bpor
_cBiblioteca Nacional de Agricultura
041 _a(Pt)
072 _aF02
100 1 _aMindêllo Neto, U.R.
245 1 _aEnraizamento de estacas lenhosas de cultivares de ameixeira com aplicação de ácido indolbutírico e cianamida hidrogenada
650 _aAMEIXA
650 _aENRAIZAMENTO DE ESTACA
650 _aÁCIDO INDOLBUTÍRICO
650 _aPROPAGAÇÃO VEGETATIVA
773 0 _tPesquisa Agropecuária Brasileira (Brazil)
_xISSN 0100-204X
_g(Mar 2006), v. 41(3) p. 529-531
_wBR0604190
909 _a202311
_bLúcia
_c55
_dLúcia Elande
942 _2AGRIS
_n0
_cANA
999 _c187210
_d187210